Baladas (Registro nro. 74522)

Detalles MARC
000 -ENCABEZADO
Número de control [NR] 00880nam a2200217Ia 4500
008 - DE LONGITUD FIJA DE DATOS DE ELEMENTOS - INFORMACIÓN GENERAL
Elementos de longitud fija [NR] 130821s1980 ck gr 1 p spa d
040 ## - FUENTE DE CATALOGACION [NR]
Agencia de catalogación original [NR] Co-BoUCM
Idioma de catalogación [NR] spa
Quien Cataloga
Quien Clasifica [Nuevo]
041 00 - CODIGO DE IDIOMA [R]
Código de idioma para texto/pista de sonido o título separado [R] Español
100 1# - ASIENTO PRINCIPAL--NOMBRE PERSONAL [NR]
Nombre personal [NR] Rivero, Mario
Fechas asociadas con el nombre [NR] 1935-2009
ID Autoridad 49420
245 10 - MENCION DE TITULO [NR]
Título [NR] Baladas
Mención de responsabilidad, etc. [NR] Mario Rivero
260 ## - PUBLICACION, DISTRIBUCION, ETC. (PIE DE IMPRENTA) [R]
Lugar de publicación, distribución, etc. [R] Bogotá (Colombia)
Nombre del editor, distribuidor, etc. [R] Universidad Externado de Colombia
Fecha de publicación, distribución, etc. [R] 1980
300 ## - DESCRIPCION FISICA [R]
Extensión [R] 178 páginas
490 0# - MENCION DE SERIE [R]
Mención de serie [R] Colección autores nacionales
500 ## - NOTA GENERAL [R]
Nota general [NR] Incluye índice
650 17 - ASIENTO SECUNDARIO DE MATERIA - TERMINO TEMATICO [R]
Término temático o nombre geográfico como elemento de entrada [NR] Poesía colombiana
Subdivisión cronológica [R] Siglo XX
Subdivisión de forma [R] Colección de escritos
9 (RLIN) 48996
650 27 - ASIENTO SECUNDARIO DE MATERIA - TERMINO TEMATICO [R]
Término temático o nombre geográfico como elemento de entrada [NR] Literatura latinoamericana
Subdivisión cronológica [R] Siglo XX
Subdivisión de forma [R] Colección de escritos
9 (RLIN) 48935
690 ## - ASUNTO AGREGADO LOCAL DE ENTRADA - TÉRMINO TEMÁTICO (OCLC, RLIN)
Acceso temático local Literatura colombiana
9 (RLIN) 18629
710 1# - ASIENTO SECUNDARIO - NOMBRE CORPORATIVO [R]
Nombre corporativo o de jurisdicción como elemento de entrada [NR] Universidad Externado de Colombia
Unidad subordinada [R] Facultad de Comunicación Social - Periodismo
9 (RLIN) 49022
942 ## - ELEMENTOS DE ENTRADA AGREGADOS (KOHA)
Tipo de ítem principal el descrito en 300a Libro
Tema principal Literatura
Edición 1
Prefijo de la signatura top. (colección) Literatura - Colombia
Parte restante de la signatura top. R621b
Sistema de clasificación DEWEY
Clasificación 861.44
Título oculto en OPAC No
Existencias
Fecha de último préstamo Total préstamos Total Renewals Signatura topográfica Código de barras Última vez visto Ejemplar Price effective from Tipo de ítem Perdido Sistema de clasificación Dañado No prestable Tipo de ítem específico Suprimido Ubicación habitual Ubicación actual Localización Fecha de creación Forma de adquisición Costo
25/09/2018 3 7 C 861.44 R621b 100116792 09/12/2025 Ej.1 03/02/2013 Libro   DEWEY     Libro   Claustro Claustro 2do piso 19/02/2013 Donación 26000.00